| 000 | 00689nam a22002297a 4500 | ||
|---|---|---|---|
| 005 | 20251108173557.0 | ||
| 008 | 250721s2007 xx 000 0 ara d | ||
| 082 | 1 | 4 | _a709.563/ غزو |
| 100 | 1 | _aغزوان، معتز عناد | |
| 245 | 1 | 0 |
_aمرافئ ثقافية : _b قراءات في الفن التشكيلي / |
| 264 | 1 |
_aعمان : _bدار مجدلاوي، _c2007. |
|
| 300 | _a140ص. | ||
| 650 | 1 | 7 | _aالفنون التشكيلية |
| 650 | 1 | 7 | _aالتصميم الفني |
| 650 | 1 | 7 | _aالفنانون |
| 650 | 1 | 7 | _aالخط العربي |
| 650 | 1 | 7 | _aالأزياء |
| 650 | 1 | 7 | _aالسجاد |
| 650 | 1 | 7 | _aالعراق |
| 942 |
_2ddc _cBK |
||
| 999 |
_c107253 _d107253 |
||